000 00306nam a22001337a 4500
008 221114b ||||| |||| 00| 0 eng d
041 _aeng
080 _21
_a101
082 _a101 TUR
100 _a44.1
101 _aFILO
245 _aTHE CORRESPONDENCE OF ISAAC NEWTON
_cTURNBULL W.H
942 _2udc
_cBK
999 _c58880
_d58880